Statistiques concernant "Avez-vous déjà vu... les "avez vous déjà vu ?"?"

Cliquez ici pour prendre le quiz!

Statistiques générales

  • Ce quiz a été pris 16 fois
  • Le résultat moyen est 3 sur 25

Statistiques - réponses

HintRéponse% Correct
"J'ai fait une tache de fraise molle sur ma cravate laide."Un mec qui se plaint tout le temps
69%
"Nan. C'est pas moi. J'ai un alibi. J'étais au cinéma"Un crime pas parfait du tout
54%
"Alors on prend un cochon on l'égorge il crie comme un GORET après le sang il se vide dans une bassine on fait cuire ça fait du BOUDIN"Nuf-Nuf à l'école des charcutiers
38%
"Oh zuteuh, oh non... oh zut"Une girafe avec un collier
31%
"Allo monsieur le témoin ? Vous pouvez pas venir ?!"Un clown avocat
15%
"Bus ! 1000 points"Des maisons qui jouent à qui crachent le plus loin
8%
"Alors il y aura Jean-Christophe, et Caroline, il y a Kevin, qui vient tout seul, mes parents, ça fait 7"Des moutons qui organisent un pique-nique
8%
"C'est bon, j'le tiens, barrez-vous !"Super-Arbre, le super-héros des arbres
8%
"Maintenant nui."Une consonne qui veut devenir une voyelle
8%
"C'est... c'est comme ça?"Une girafe qui passe son permis pingouin
8%
"Pondu le 21/02, à consommer avant le 12/03"Une torture d'oeuf
8%
"Qu'est-ce que j'ai fait de ma vie?"Une voiture à cornichons
8%
"Ah c'est toi"Un monstre avec plein de bras qui fait une blague à un monstre avec plein de z'yeux
8%
"Monsieur le Président ? Non, non, noooooon"Un poisson à gages
8%
"Fureur et destruction"Des escargots qui envahissent le monde
0%
"Je sens que je pars, au revoir Etienne !"Des lapins naufragés sur une île déserte
0%
"Un rejet de rein pour une greffe du coeur, j'ai jamais vu encore"Des organes qui accueillent un nouveau venu
0%
"Et vous les poutres apparentes, vous voulez la vie ?"La fée Fagot qui entre dans un magasin de meubles
0%
"Mais... Mais je t'emmerde"Le lutin du téléphone portable
0%
"A bas les marguerites, et puis les renoncules, à bas les tulipes, la reine elle nous enc..."Un chanteur de ruche
0%
"Ici dans ce kilogramme, on n'est pas de l'aspartame"Une armée de sucres
0%
"Bravo Michel"Une évasion de raviolis
0%
"bzz bzbz bzzz bzzzbzz"Un film de cape et d'épée de mouches
0%
"Alors premièrement, les lapins ça crie pas"Un homme avec des bras carotte
0%
"Coco, il est beau le Coco, le Coco à sa mémé"Un pirate qui passe son permis pirate et puis rate
0%

Distribution des résultats

Percentile par nombre de réponses

% des personnes avec chaque résultat

Votre développement - résultats

Vous n’avez pas pris ce quiz